000 01437nam a2200325 c 4500
003 BLK
005 20180422112324.0
008 180409b bul|||||r ||||||| ||bul||
010 _aKNG00147259000
040 _aBLK
041 _aBUL
_cBUL
080 _aБългарска литература
_b821.163.2
_x-93-34
_z821.163.2-93-34
100 1 _aГривек, Кирил
_eпърви автор
_gДобрев, Кирил Илиев
_956021
700 1 _aГеоргиев-Шмайзер, Йордан
_eхудож.
_9379351
139 _aГривек, Кирил
_bГ 81
245 1 0 _aКотаракът и мишката - съюзници
_bПриказка
_cКирил Гривек; худож. Йордан Георгиев-Шмайзер.
257 _aBGR
260 София
_bБълг. художник
_c1969
300 _a16 с.
_bс ил.
_c18 см
380 _aDX
490 1 _aДетска библиотека Медени звънчета
_v№ 3
500 _aКор. опис. - Кн. е включена в кутия със загл. Медени звънчета. - 50 000 тир.
653 _aлитература за деца
653 _aдетска литература
852 _aЦб I 34945
856 4 _qpdf
_u
856 4 _qpdf
_u
942 _cKNG
_n0
944 _aCR
_c25.07.2013
_l25.07.2013 - от С1,Р / 25.07.2013
_kЛюсиена_Милчева
944 _aED
_c25.07.2013
_l25.07.2013 - от С1,Р / 25.07.2013
_k
999 _c141189
_d141189